[Event "Staatsliga B - Ost 2002/03"]
[Site "Veranstaltungszentrum des Wienerwaldmuseums, Hauptstr.17, 3032 Eichgraben"]
[Date "2003.02.15"]
[Round "8"]
[Board "5"]
[White "Wanderer, Thomas"]
[Black "Holzer, Gerhard"]
[Result "1-0"]
[WhiteElo "2159"]
[BlackElo "2236"]
[PlyCount "75"]

1.e4 c5 2.Nc3 e6 3.Nge2 a6 4.d4 cxd4 5.Nxd4 Qc7 6.Be2 Nf6 7.h3 Be7 8.O-O d6
9.Kh1 Nbd7 10.f4 O-O 11.Bf3 g6 12.Qe1 e5 13.Nde2 b5 14.f5 Bb7 15.Qh4 Qd8 16.Bg5
Rc8 17.Rad1 Rc4 18.b3 Rc7 19.Rd2 Qc8 20.Rd3 Qd8 21.Rfd1 Rc6 22.b4 Re8 23.g4 Qa8
24.Bxf6 Nxf6 25.g5 d5 26.gxf6 Bxf6 27.Qg4 h5 28.Qg2 d4 29.Nd5 Bg7 30.c3 gxf5
31.exf5 e4 32.f6 Rxf6 33.Nxf6+ Kf8 34.Nxe4 Rxe4 35.Nxd4 Bxd4 36.cxd4 Qe8 37.Rg1
Qc6 38.d5

[Event "Staatsliga B - Ost 2002/03"]
[Site "Veranstaltungszentrum des Wienerwaldmuseums, Hauptstr.17, 3032 Eichgraben"]
[Date "2003.02.15"]
[Round "8"]
[Board "6"]
[White "Palfinger, Wolfgang"]
[Black "Wandl, Werner"]
[Result "1/2-1/2"]
[WhiteElo "2111"]
[BlackElo "2118"]
[PlyCount "24"]

1.d4 Nf6 2.Nf3 d5 3.Bf4 Bf5 4.e3 e6 5.h3 Be7 6.Nbd2 O-O 7.c4 c6 8.Be2 Nbd7 9.O-O
Ne4 10.Nxe4 Bxe4 11.Ne5 Nxe5 12.Bxe5 Qb6

[Event "Staatsliga B - Ost 2002/03"]
[Site "Veranstaltungszentrum des Wienerwaldmuseums, Hauptstr.17, 3032 Eichgraben"]
[Date "2003.02.15"]
[Round "8"]
[Board "1"]
[White "Lau, Ralf"]
[Black "Polak, Tomas"]
[Result "1/2-1/2"]
[WhiteElo "2506"]
[BlackElo "2475"]
[PlyCount "29"]

1.d4 Nf6 2.Nf3 e6 3.g3 d5 4.Bg2 Be7 5.O-O O-O 6.b3 Nbd7 7.Bb2 c6 8.c4 b6 9.Nc3
Bb7 10.Rc1 Rc8 11.Re1 h6 12.e3 Re8 13.Rc2 Qc7 14.Qb1 Qb8 15.Rec1

[Event "Staatsliga B - Ost 2002/03"]
[Site "Veranstaltungszentrum des Wienerwaldmuseums, Hauptstr.17, 3032 Eichgraben"]
[Date "2003.02.15"]
[Round "8"]
[Board "2"]
[White "Groetz, Harald"]
[Black "Wukits, Rene"]
[Result "1/2-1/2"]
[WhiteElo "2322"]
[BlackElo "2296"]
[PlyCount "39"]

1.e4 e6 2.d4 b6 3.Nf3 Bb7 4.Bd3 c5 5.c3 d6 6.O-O Nd7 7.Qe2 Ngf6 8.Nbd2 Qc7 9.Re1
Rc8 10.Nf1 Be7 11.Bg5 h6 12.Bd2 c4 13.Bc2 b5 14.Ng3 g6 15.h4 h5 16.Nf1 e5 17.g3
O-O 18.Ng5 Rfe8 19.Ne3 Bf8 20.Qf3

[Event "Staatsliga B - Ost 2002/03"]
[Site "Veranstaltungszentrum des Wienerwaldmuseums, Hauptstr.17, 3032 Eichgraben"]
[Date "2003.02.15"]
[Round "8"]
[Board "3"]
[White "Froeschl, Felix"]
[Black "Hangweyrer, Manfred"]
[Result "0-1"]
[WhiteElo "2261"]
[BlackElo "2315"]
[PlyCount "98"]

1.g3 g6 2.Bg2 Bg7 3.d4 d5 4.c3 Nf6 5.Nh3 Nbd7 6.Nf4 c6 7.Nd2 e5 8.dxe5 Nxe5
9.O-O Bf5 10.Nb3 O-O 11.a4 a5 12.Nd4 Bd7 13.Nd3 Nc4 14.b3 Nd6 15.Ba3 Bc8 16.Qc2
Re8 17.Rad1 Nfe4 18.Nc5 Qb6 19.Nxe4 Nxe4 20.e3 Nf6 21.c4 Bg4 22.f3 Bd7 23.c5 Qc7
24.Rfe1 h5 25.Qf2 Re7 26.Re2 Rae8 27.Rde1 h4 28.gxh4 Nh5 29.Bf1 Qc8 30.Bc1 Bh3
31.Bd2 Bxf1 32.Qxf1 Bf6 33.Kh1 Bxh4 34.Rd1 Bf6 35.Bc1 Qc7 36.Rc2 Kg7 37.Qg2 Re5
38.Rf1 Rg5 39.Qf2 Rh8 40.Ne2 Ng3+ 41.Nxg3 Rxg3 42.Rg1 Rgh3 43.Rg2 Qd7 44.Qe2 Qf5
45.Rf2 Bh4 46.Bb2+ f6 47.Rf1 Bg3 48.e4 dxe4 49.Qxe4 Rxh2+

[Event "Staatsliga B - Ost 2002/03"]
[Site "Veranstaltungszentrum des Wienerwaldmuseums, Hauptstr.17, 3032 Eichgraben"]
[Date "2003.02.15"]
[Round "8"]
[Board "4"]
[White "Wiedermann, Franz"]
[Black "Schwaninger, Wolfgang"]
[Result "0-1"]
[WhiteElo "2130"]
[BlackElo "2188"]
[PlyCount "102"]

1.d4 d5 2.c4 c6 3.Nf3 Nf6 4.Nc3 e6 5.g3 Bd6 6.Bg2 Nbd7 7.Bf4 Bxf4 8.gxf4 dxc4
9.a4 Nd5 10.Qd2 Qa5 11.O-O Nxc3 12.bxc3 Nf6 13.Ne5 Nd5 14.Nxc4 Qxc3 15.Bxd5 Qxd2
16.Bxc6+ bxc6 17.Nxd2 Ba6 18.Rfe1 Ke7 19.Rac1 Rhc8 20.Rc5 Rab8 21.Ra5 Rb6 22.Ne4
Rc7 23.Nc5 Bc4 24.Rc1 Bxe2 25.f5 Bf3 26.fxe6 fxe6 27.h3 Kd6 28.Nd3 Rb3 29.Ne5
Bd5 30.f3 Rb4 31.Re1 Bb3 32.Rb1 Rcb7 33.Ra6 Bxa4 34.Nc4+ Kd5 35.Ne3+ Kd6 36.Nc4+
Kc7 37.Rxb4 Rxb4 38.Na5 Bb5 39.Rxa7+ Kb6 40.Nxc6 Kxc6 41.Rxg7 Bd3 42.Rg4 Bf5
43.d5+ Kc5 44.Rxb4 Kxb4 45.dxe6 Bxe6 46.Kg2 Kc5 47.h4 Kd5 48.Kf2 Kd4 49.Ke2 Bc4+
50.Kf2 Ke5 51.Ke3 Bd5

[Event "Staatsliga B - Ost 2002/03"]
[Site "Veranstaltungszentrum des Wienerwaldmuseums, Hauptstr.17, 3032 Eichgraben"]
[Date "2003.02.15"]
[Round "8"]
[Board "6"]
[White "Schirmbeck, Hannes"]
[Black "Petschar, Hans"]
[Result "1-0"]
[WhiteElo "2144"]
[BlackElo "2030"]
[PlyCount "81"]

1.e4 g6 2.d4 Bg7 3.Nf3 d6 4.Be2 Nf6 5.Nc3 O-O 6.O-O a6 7.a4 b6 8.e5 Nfd7 9.e6
fxe6 10.Ng5 Nf6 11.Bf3 Ra7 12.Qe2 c5 13.Nxe6 Bxe6 14.Qxe6+ Kh8 15.d5 Nbd7 16.Be2
c4 17.Bxc4 Rc7 18.Qe2 Nc5 19.Be3 Nfd7 20.Bxa6 Qa8 21.Bb5 Nf6 22.Bc6 Rxc6 23.dxc6
Qxc6 24.Bxc5 Qxc5 25.Qb5 Ng4 26.Qxc5 dxc5 27.h3 Ne5 28.Nd5 Nc4 29.b3 Bxa1
30.Rxa1 e6 31.bxc4 exd5 32.cxd5 c4 33.Rd1 Rd8 34.Kh2 Kg7 35.Kg3 Kf6 36.Kf4 Ke7
37.Ke5 Ra8 38.Rb1 Ra6 39.Rb4 c3 40.g4 Kd7 41.f4

[Event "Staatsliga B - Ost 2002/03"]
[Site "Veranstaltungszentrum des Wienerwaldmuseums, Hauptstr.17, 3032 Eichgraben"]
[Date "2003.02.16"]
[Round "9"]
[Board "1"]
[White "Volkmann, Friedrich"]
[Black "Likavsky, Tomas"]
[Result "0-1"]
[WhiteElo "2434"]
[BlackElo "2465"]
[PlyCount "154"]

1.e4 c5 2.Nf3 e6 3.b3 Nf6 4.e5 Nd5 5.Bb2 Nc6 6.g3 Be7 7.c4 Nc7 8.Bg2 O-O 9.O-O
d5 10.exd6 Qxd6 11.Re1 f6 12.d4 Rd8 13.Nc3 Nxd4 14.Nxd4 cxd4 15.Ne4 Qd7 16.f4 a5
17.Qh5 Qe8 18.Qxe8+ Nxe8 19.Rad1 Bb4 20.Re2 e5 21.Nf2 Bd6 22.fxe5 fxe5 23.Bd5+
Kh8 24.c5 Bc7 25.Bf3 Nf6 26.Rde1 Kg8 27.Nd3 Bg4 28.Bxg4 Nxg4 29.h3 Ne3 30.Bc1
Nd5 31.Nxe5 Nc3 32.Rc2 Re8 33.Nf3 Rxe1+ 34.Nxe1 Re8 35.Nf3 Ne2+ 36.Kf2 d3 37.Rc4
Nxc1 38.Rxc1 Re2+ 39.Kg1 Bxg3 40.Rd1 Bf2+ 41.Kh1 d2 42.c6 bxc6 43.Rxd2 Rxd2
44.Nxd2 Bb6 45.Kg2 Kf7 46.Kf3 Ke6 47.Ke4 Bd8 48.Nc4 c5 49.Ne3 h5 50.Nd5 g5
51.Ne3 Bc7 52.Nd5 Bg3 53.Ne3 Be1 54.a4 Bb4 55.Nf5 Be1 56.Ne3 Bd2 57.Nc4 Bc3
58.Ne3 Be1 59.Nd5 Bd2 60.Nc7+ Kf6 61.Nd5+ Kg6 62.Ne7+ Kf7 63.Nc6 Ke6 64.Ne5 Bc3
65.Nc4 Be1 66.Ne5 Bb4 67.Nc4 g4 68.hxg4 hxg4 69.Kf4 Kd5 70.Kxg4 Kd4 71.Kf3 Kc3
72.Ke3 Kxb3 73.Kd3 Kxa4 74.Kc2 Kb5 75.Nd2 a4 76.Ne4 a3 77.Kb3 c4+

[Event "Staatsliga B - Ost 2002/03"]
[Site "Veranstaltungszentrum des Wienerwaldmuseums, Hauptstr.17, 3032 Eichgraben"]
[Date "2003.02.16"]
[Round "9"]
[Board "3"]
[White "Neulinger, Manfred"]
[Black "Sulek, Viliam"]
[Result "1-0"]
[WhiteElo "2384"]
[BlackElo "2165"]
[PlyCount "83"]

1.e4 c5 2.Nf3 Nc6 3.c3 d5 4.exd5 Qxd5 5.d4 g6 6.Be2 Bg7 7.dxc5 Qxc5 8.Be3 Qf5
9.Na3 Nf6 10.Nb5 O-O 11.Nbd4 Nxd4 12.Nxd4 Qe5 13.O-O Nd5 14.Bd2 Bf5 15.Re1 Rfd8
16.Bf3 Qf6 17.Qc1 Rac8 18.Bg5 Qb6 19.Nxf5 gxf5 20.Bxd5 Rxd5 21.Bxe7 Rb5 22.Ba3
Rd5 23.Qf4 Rcd8 24.h3 Qg6 25.Be7 Rc8 26.Qf3 Rb5 27.Bb4 h6 28.a4 Rb6 29.a5 Rbc6
30.Re7 R6c7 31.Rae1 Qg5 32.Qd5 Qf6 33.Rxc7 Rxc7 34.Bc5 b6 35.axb6 axb6 36.Re8+
Kh7 37.Bd4 Qg6 38.Bxg7 Qxg7 39.Qxf5+ Qg6 40.Qe5 Qc6 41.Rh8+ Kg6 42.Rg8+

[Event "Staatsliga B - Ost 2002/03"]
[Site "Veranstaltungszentrum des Wienerwaldmuseums, Hauptstr.17, 3032 Eichgraben"]
[Date "2003.02.16"]
[Round "9"]
[Board "4"]
[White "Todor, Razvan"]
[Black "Schroll, Gerhard"]
[Result "0-1"]
[WhiteElo "2202"]
[BlackElo "2381"]
[PlyCount "56"]

1.e4 e5 2.Bc4 Nc6 3.Nf3 Bc5 4.c3 Nf6 5.d4 exd4 6.cxd4 Bb4+ 7.Nc3 Nxe4 8.O-O Bxc3
9.d5 Bf6 10.Re1 Ne7 11.Rxe4 d6 12.Bg5 Bxg5 13.Nxg5 h6 14.Qe2 hxg5 15.Re1 Be6
16.dxe6 f6 17.Re3 c6 18.Rh3 Rxh3 19.gxh3 g6 20.Qf3 Qa5 21.Re2 Qf5 22.Qa3 Qf4
23.Bd3 Qc1+ 24.Kg2 Nd5 25.Bxg6+ Ke7 26.Qb3 Nf4+ 27.Kf3 b5 28.Be4 Qf1

[Event "Staatsliga B - Ost 2002/03"]
[Site "Veranstaltungszentrum des Wienerwaldmuseums, Hauptstr.17, 3032 Eichgraben"]
[Date "2003.02.16"]
[Round "9"]
[Board "5"]
[White "Posch, Werner"]
[Black "Trkulja, Zoran"]
[Result "1/2-1/2"]
[WhiteElo "2290"]
[BlackElo "2232"]
[PlyCount "34"]

1.e4 e6 2.Qe2 c5 3.g3 Be7 4.Bg2 d5 5.d3 Nf6 6.e5 Nfd7 7.f4 Nc6 8.c3 O-O 9.Nf3 b5
10.Be3 Rb8 11.a3 a5 12.O-O b4 13.axb4 axb4 14.Nbd2 bxc3 15.bxc3 Rb2 16.Rfb1
Rxb1+ 17.Rxb1 Qa5

[Event "Staatsliga B - Ost 2002/03"]
[Site "Veranstaltungszentrum des Wienerwaldmuseums, Hauptstr.17, 3032 Eichgraben"]
[Date "2003.02.16"]
[Round "9"]
[Board "6"]
[White "Allacher, Erwin"]
[Black "Wiedner, Robert"]
[Result "1/2-1/2"]
[WhiteElo "2214"]
[BlackElo "2241"]
[PlyCount "64"]

1.d4 d6 2.c4 g6 3.e4 Bg7 4.Nc3 Nd7 5.Be2 e5 6.d5 Ne7 7.Nf3 O-O 8.Bg5 h6 9.Be3 f5
10.g3 Nf6 11.Nd2 fxe4 12.Ndxe4 Nf5 13.Qd2 Nxe3 14.fxe3 Bh3 15.Rg1 Nxe4 16.Nxe4
Bf5 17.Bd3 Qe7 18.O-O-O h5 19.Rdf1 Bh6 20.h4 Bh3 21.Rf2 Rxf2 22.Nxf2 Bf5 23.g4
Bxd3 24.Qxd3 e4 25.Qe2 Rf8 26.gxh5 Qxh4 27.Rxg6+ Kh7 28.Nd1 Rf3 29.Re6 Bxe3+
30.Kb1 Bg5 31.Qxe4+ Qxe4+ 32.Rxe4 Kh6

[Event "Staatsliga B - Ost 2002/03"]
[Site "Veranstaltungszentrum des Wienerwaldmuseums, Hauptstr.17, 3032 Eichgraben"]
[Date "2003.02.16"]
[Round "9"]
[Board "1"]
[White "Staudner, Oliver"]
[Black "Lau, Ralf"]
[Result "0-1"]
[WhiteElo "2360"]
[BlackElo "2506"]
[PlyCount "40"]

1.e4 d6 2.d4 g6 3.Nf3 Bg7 4.c3 Nf6 5.Bd3 O-O 6.O-O Nc6 7.Re1 Nd7 8.Na3 a6 9.Nc2
h6 10.h3 e5 11.b4 f5 12.Bb2 Nb6 13.Ne3 exd4 14.cxd4 Nxb4 15.Qb3+ d5 16.exd5 Nxd3
17.d6+ Be6 18.Qxe6+ Kh7 19.dxc7 Qxc7 20.Re2 Nf4

[Event "Staatsliga B - Ost 2002/03"]
[Site "Veranstaltungszentrum des Wienerwaldmuseums, Hauptstr.17, 3032 Eichgraben"]
[Date "2003.02.16"]
[Round "9"]
[Board "2"]
[White "Wukits, Rene"]
[Black "Pokorna, Regina"]
[Result "0-1"]
[WhiteElo "2296"]
[BlackElo "2375"]
[PlyCount "56"]

1.d4 Nf6 2.c4 e6 3.Nc3 Bb4 4.e3 c5 5.Nf3 d5 6.Bd3 O-O 7.O-O cxd4 8.exd4 dxc4
9.Bxc4 b6 10.Bg5 Bb7 11.Ne5 Nbd7 12.Qb3 Bxc3 13.bxc3 Rc8 14.Rac1 Qc7 15.Nxd7
Qxd7 16.Bb5 Qd6 17.Bxf6 gxf6 18.Rfe1 Kh8 19.Re3 Rg8 20.Rg3 f5 21.Bf1 f4 22.Rh3
Qd5 23.Qxd5 Bxd5 24.f3 Rc7 25.Rh4 Bxa2 26.Rxf4 a5 27.c4 Rb8 28.Kf2 Bb3

[Event "Staatsliga B - Ost 2002/03"]
[Site "Veranstaltungszentrum des Wienerwaldmuseums, Hauptstr.17, 3032 Eichgraben"]
[Date "2003.02.16"]
[Round "9"]
[Board "3"]
[White "Vokroj, Rene"]
[Black "Froeschl, Felix"]
[Result "1/2-1/2"]
[WhiteElo "2287"]
[BlackElo "2261"]
[PlyCount "49"]

1.c4 e5 2.Nc3 Nc6 3.Nf3 g6 4.d4 exd4 5.Nxd4 Bg7 6.Nc2 d6 7.e4 Nge7 8.Ne3 O-O
9.Be2 f5 10.Ned5 Nxd5 11.exd5 Ne5 12.f4 Ng4 13.Qd3 Re8 14.h3 Nf6 15.O-O Ne4
16.Nxe4 fxe4 17.Qb3 c5 18.Be3 Bd4 19.Rad1 Qf6 20.Rd2 Re7 21.Rfd1 Bxe3+ 22.Qxe3
Bd7 23.Rf1 Rf8 24.Bd1 b5 25.b3

[Event "Staatsliga B - Ost 2002/03"]
[Site "Veranstaltungszentrum des Wienerwaldmuseums, Hauptstr.17, 3032 Eichgraben"]
[Date "2003.02.16"]
[Round "9"]
[Board "4"]
[White "Schwaninger, Wolfgang"]
[Black "Bukacek, Emil"]
[Result "1/2-1/2"]
[WhiteElo "2188"]
[BlackElo "2268"]
[PlyCount "120"]

1.d4 f5 2.Nf3 Nf6 3.c4 g6 4.Nc3 Bg7 5.Bf4 d6 6.e3 c6 7.Qb3 Qb6 8.Be2 Be6 9.Ng5
Bg8 10.h4 h6 11.Nf3 Nbd7 12.Rc1 Nh5 13.Bh2 Bf7 14.Qxb6 axb6 15.a4 O-O 16.Nd2
Nhf6 17.Bf3 e5 18.O-O g5 19.hxg5 hxg5 20.d5 e4 21.Be2 Ne8 22.g4 Bxc3 23.Rxc3 Bg6
24.gxf5 Bxf5 25.Ra1 Rf6 26.b4 Kf8 27.Nb3 c5 28.b5 Ne5 29.Bxe5 dxe5 30.a5 bxa5
31.Rxa5 Rxa5 32.Nxa5 Bc8 33.Ra3 Nd6 34.Nb3 b6 35.Ra8 Ke7 36.Rb8 Bb7 37.Nd2 Rf8
38.Rxf8 Kxf8 39.Bg4 Kg7 40.Kh2 Kf6 41.Kg3 Kg6 42.Kg2 Kf6 43.Kf1 Ke7 44.Bh3 Kf6
45.Ke1 Kg6 46.Bg4 Kf6 47.Kd1 Kg6 48.Kc2 Kf6 49.Kb3 Ke7 50.Bh3 Kf6 51.Nb1 Bc8
52.Bxc8 Nxc8 53.Nc3 Nd6 54.Na4 Nc8 55.Kc2 Ke7 56.Kd2 Kd7 57.Ke2 Kc7 58.Kd2 Nd6
59.Kc3 Nf5 60.Kb3 Nd4+

[Event "Staatsliga B - Ost 2002/03"]
[Site "Veranstaltungszentrum des Wienerwaldmuseums, Hauptstr.17, 3032 Eichgraben"]
[Date "2003.02.16"]
[Round "9"]
[Board "6"]
[White "Petschar, Hans"]
[Black "Rogetzer, Klaus"]
[Result "0-1"]
[WhiteElo "2030"]
[BlackElo "2135"]
[PlyCount "96"]

1.c4 d6 2.d4 g6 3.e4 Nf6 4.Nc3 Bg7 5.Be2 O-O 6.Nf3 e5 7.O-O exd4 8.Nxd4 Re8 9.f3
Nc6 10.Be3 Nh5 11.Qd2 Nxd4 12.Bxd4 Nf4 13.Rfd1 Qg5 14.Bf1 Be6 15.b3 Bxd4+
16.Qxd4 a6 17.g3 Nh5 18.Bg2 Qe5 19.Rac1 Qxd4+ 20.Rxd4 Re7 21.Nd5 Bxd5 22.cxd5 f5
23.exf5 gxf5 24.Rdc4 Rc8 25.Bh3 Ng7 26.g4 Kf7 27.gxf5 Kf6 28.Re4 Rce8 29.Rce1
Re5 30.Rxe5 Rxe5 31.Rxe5 Kxe5 32.f6 Kxf6 33.Bc8 a5 34.Bxb7 Ke5 35.Kf2 Nf5 36.Ke2
Kd4 37.Bc8 Ne3 38.Be6 Ng2 39.Bg8 h6 40.Bf7 Nf4+ 41.Kd2 Nh3 42.Ke2 h5 43.Bg8 h4
44.Bf7 Nf4+ 45.Kd2 Nd3 46.Be6 Nb4 47.f4 Nxa2 48.f5 Nc3

[Event "Staatsliga B - Ost 2002/03"]
[Site "Veranstaltungszentrum des Wienerwaldmuseums, Hauptstr.17, 3032 Eichgraben"]
[Date "2003.02.16"]
[Round "9"]
[Board "2"]
[White "Schweda, Roland"]
[Black "Groetz, Harald"]
[Result "1-0"]
[WhiteElo "2354"]
[BlackElo "2322"]
[PlyCount "73"]

1.d4 Nf6 2.Nd2 d5 3.Ngf3 Nbd7 4.c4 e6 5.g3 Be7 6.Bg2 c6 7.O-O O-O 8.Qc2 b6 9.e4
dxe4 10.Nxe4 Nxe4 11.Qxe4 Bb7 12.Rd1 Nf6 13.Qc2 Qc8 14.Ne5 Rd8 15.Qa4 b5 16.cxb5
cxb5 17.Qxb5 Bxg2 18.Kxg2 Rb8 19.Qa4 Qb7+ 20.Kg1 Rd6 21.Bg5 Ra6 22.Qc4 Rc8
23.Qe2 Rb6 24.Nc4 Rb4 25.Bxf6 Rbxc4 26.Bxe7 Rc2 27.Rd2 Rxd2 28.Qxd2 Qxe7 29.Rc1
Rd8 30.Qa5 Qd7 31.Rc4 h6 32.b3 Qd6 33.Qxa7 Qd5 34.Qc7 Ra8 35.a4 Qe4 36.Qc5 Qb1+
37.Rc1

[Event "Staatsliga B - Ost 2002/03"]
[Site "Veranstaltungszentrum des Wienerwaldmuseums, Hauptstr.17, 3032 Eichgraben"]
[Date "2003.02.16"]
[Round "9"]
[Board "3"]
[White "Hangweyrer, Manfred"]
[Black "Vavrak, Peter"]
[Result "0-1"]
[WhiteElo "2315"]
[BlackElo "2397"]
[PlyCount "92"]

1.g3 d5 2.Nf3 Nf6 3.Bg2 c5 4.O-O g6 5.d3 Bg7 6.Nbd2 O-O 7.e4 Nc6 8.a3 e5 9.Rb1
Re8 10.b4 dxe4 11.dxe4 Qe7 12.c3 Rd8 13.Qe2 a6 14.Ne1 Be6 15.Nd3 Nd7 16.Qe3 cxb4
17.axb4 Nb6 18.Nb2 Qc7 19.Re1 Na7 20.c4 Nxc4 21.Nbxc4 Bxc4 22.Nxc4 Qxc4 23.Bf1
Qe6 24.b5 axb5 25.Bxb5 Nxb5 26.Rxb5 Rd7 27.Bb2 h5 28.Rb6 Qe7 29.Qb3 Ra6 30.h4
Rxb6 31.Qxb6 Qd6 32.Qa5 Qc7 33.Qb5 Qc6 34.Qb4 Bf8 35.Qb3 Bc5 36.Re2 Qd6 37.Kg2
b6 38.Qa2 Rd8 39.Bc3 Bd4 40.Bd2 Qc6 41.Bg5 Rc8 42.Qb3 b5 43.Qf3 Qe6 44.Qa3 Bc3
45.Qa7 b4 46.Qb7 Qc6

[Event "Staatsliga B - Ost 2002/03"]
[Site "Veranstaltungszentrum des Wienerwaldmuseums, Hauptstr.17, 3032 Eichgraben"]
[Date "2003.02.16"]
[Round "9"]
[Board "4"]
[White "Stranz, Richard"]
[Black "Wiedermann, Franz"]
[Result "1-0"]
[WhiteElo "2252"]
[BlackElo "2130"]
[PlyCount "65"]

1.e4 g6 2.d4 Bg7 3.Nc3 c6 4.Nf3 d5 5.h3 b5 6.exd5 b4 7.Na4 cxd5 8.a3 bxa3 9.Rxa3
Nf6 10.Be2 O-O 11.O-O Ne4 12.Bf4 Nc6 13.Re1 Bb7 14.c3 f6 15.Qb3 Qd7 16.Bd3 Na5
17.Qb4 Nc6 18.Qb5 e5 19.Bh2 Rf7 20.dxe5 Nxe5 21.Qxd7 Nxd7 22.Nd4 Ndc5 23.Nxc5
Nxc5 24.Bb1 Bf8 25.Ra5 Kh8 26.f3 Nd7 27.Ba2 Nb6 28.Kf2 Nc4 29.Bxc4 dxc4 30.Ne6
Bc8 31.Nc7 Rb8 32.Nb5 Rbb7 33.Re8 {Zeit}

[Event "Staatsliga B - Ost 2002/03"]
[Site "Veranstaltungszentrum des Wienerwaldmuseums, Hauptstr.17, 3032 Eichgraben"]
[Date "2003.02.16"]
[Round "9"]
[Board "5"]
[White "Stanivukovic, Drago"]
[Black "Krpelan, Wolfgang"]
[Result "0-1"]
[WhiteElo "2196"]
[BlackElo "2217"]
[PlyCount "102"]

1.d4 Nf6 2.c4 e5 3.dxe5 Ng4 4.e6 dxe6 5.Qxd8+ Kxd8 6.h3 Ne5 7.e4 Nbc6 8.f4 Ng6
9.Nf3 Nb4 10.Na3 Bc5 11.Bd2 Ke7 12.g4 h5 13.g5 Rd8 14.Rh2 Bd7 15.Ke2 Bc6 16.Be3
Nd3 17.Bxc5+ Nxc5 18.f5 exf5 19.exf5 Bxf3+ 20.Kxf3 Nh4+ 21.Kf2 Rd2+ 22.Be2 Kf8
23.b4 Re8 24.Kg1 Rexe2 25.Rxe2 Rxe2 26.bxc5 Nxf5 27.Nb5 Nh4 28.Nxa7 Nf3+ 29.Kf1
Rh2 30.Rd1 Rxa2 31.Nb5 c6 32.Nd6 Nxg5 33.h4 Ne6 34.Nxb7 Ra7 35.Rb1 Ke7 36.Nd6
Rc7 37.Re1 Kf8 38.Re5 g6 39.Kf2 Re7 40.Nc8 Rd7 41.Ke3 Rd1 42.Nb6 Rh1 43.Nd7+ Ke7
44.Rxe6+ Kxe6 45.Nb8 Rxh4 46.Kd3 Rh3+ 47.Kd4 Rh4+ 48.Kd3 f6 49.Nxc6 Kd7 50.Nb4
Rg4 51.Nd5 f5

[Event "Staatsliga B - Ost 2002/03"]
[Site "Veranstaltungszentrum des Wienerwaldmuseums, Hauptstr.17, 3032 Eichgraben"]
[Date "2003.02.16"]
[Round "9"]
[Board "1"]
[White "Balinov, Ilija"]
[Black "Palkovi, Jozsef"]
[Result "0-1"]
[WhiteElo "2444"]
[BlackElo "2398"]
[PlyCount "161"]

1.Nf3 c5 2.g3 b6 3.e4 Bb7 4.Nc3 Nf6 5.d3 g6 6.Bh3 d6 7.Bg5 Bg7 8.Qd2 h6 9.Bxf6
Bxf6 10.O-O Nc6 11.Rae1 e6 12.Bg2 Bg7 13.Nh4 g5 14.Nf3 Qd7 15.Ne2 O-O-O 16.Rb1
f5 17.exf5 exf5 18.a3 g4 19.Nh4 Bf6 20.Ng6 Bg5 21.Qc3 Rhg8 22.Ngf4 Ne5 23.d4
Nf3+ 24.Kh1 Bxf4 25.Nxf4 Nxd4 26.Qd3 Rg5 27.h4 gxh3 28.Bd5 Bxd5+ 29.Nxd5 f4
30.Nxf4 Qc6+ 31.Kh2 Rf8 32.f3 Rfg8 33.Ne2 Nxe2 34.Qxe2 Rxg3 35.Rf2 Rg2+ 36.Kh1
d5 37.Rxg2 hxg2+ 38.Kg1 Qf6 39.Qf2 Qg5 40.Qe2 Qf5 41.Re1 Kb7 42.Qe6 Qxe6 43.Rxe6
Rg3 44.Rxh6 Rxf3 45.Rh7+ Ka6 46.Rd7 Rf1+ 47.Kxg2 Rc1 48.c3 Rc2+ 49.Kf1 Rxb2
50.Rxd5 Kb5 51.Rd7 a5 52.Rd6 Kc4 53.a4 Kxc3 54.Ke1 c4 55.Kd1 Rb1+ 56.Ke2 Kc2
57.Rc6 c3 58.Rh6 Rb4 59.Ke3 Kb3 60.Kd3 Kxa4 61.Kxc3 b5 62.Rh1 Rb3+ 63.Kc2 b4
64.Ra1+ Ra3 65.Rh1 Ra2+ 66.Kb1 Rg2 67.Rh3 Rg5 68.Kb2 Kb5 69.Rh2 a4 70.Ka2 Rg4
71.Kb2 a3+ 72.Kb1 Rg1+ 73.Ka2 Ka4 74.Rh4 Rg2+ 75.Ka1 Rc2 76.Kb1 Rf2 77.Ka1 Rf3
78.Ka2 Re3 79.Rg4 Rf3 80.Rh4 Rf2+ 81.Ka1 {91 Zuege}

[Event "Staatsliga B - Ost 2002/03"]
[Site "Veranstaltungszentrum des Wienerwaldmuseums, Hauptstr.17, 3032 Eichgraben"]
[Date "2003.02.16"]
[Round "9"]
[Board "2"]
[White "Rumpl, Erwin"]
[Black "Miniboeck, Guenter"]
[Result "1-0"]
[WhiteElo "2245"]
[BlackElo "2335"]
[PlyCount "135"]

1.e4 c5 2.Nf3 d6 3.d4 cxd4 4.Nxd4 Nf6 5.f3 e6 6.c4 Be7 7.Nc3 O-O 8.Be3 a6 9.Be2
Nbd7 10.O-O Qc7 11.Qd2 b6 12.Rfc1 Bb7 13.Bf1 Rac8 14.Qf2 Qb8 15.a4 Bd8 16.Nb3
Ne5 17.Nd2 Nfd7 18.Qg3 Kh8 19.f4 Ng6 20.Be2 Bc7 21.Rf1 Nf6 22.Qf2 Bc6 23.Bf3 Nd7
24.Be2 Rfe8 25.Kh1 Bd8 26.f5 Nge5 27.fxe6 fxe6 28.Bh5 Rg8 29.Qg3 Nf6 30.Be2 Qb7
31.Rf4 Ng6 32.Rf2 Nxe4 33.Ndxe4 Bxe4 34.Qxd6 Bc6 35.Bf3 Nh4 36.Bxc6 Rxc6 37.Qd3
Nf5 38.Re2 Bf6 39.Ne4 Rd8 40.Qb3 Bd4 41.Rd1 Qc8 42.Ng5 Kg8 43.Bxd4 Rxd4 44.Rxd4
Nxd4 45.Qd3 Nxe2 46.Qxh7+ Kf8 47.Qh8+ Ke7 48.Qxg7+ Ke8 49.Qh8+ Kd7 50.Qg7+ Kd8
51.Nf7+ Ke8 52.Ne5 Rc5 53.Qf7+ Kd8 54.Qf8+ Kc7 55.Qe7+ Kb8 56.Nd7+ Ka7 57.Nxc5+
Ka8 58.Qxe6 Qxc5 59.Qxe2 Qb4 60.h4 Qxa4 61.h5 Qa1+ 62.Kh2 Qc1 63.Qe8+ Ka7
64.Qe7+ Kb8 65.Qf8+ Kc7 66.h6 Qxc4 67.Qg7+ Kc6 68.Qc3

[Event "Staatsliga B - Ost 2002/03"]
[Site "Veranstaltungszentrum des Wienerwaldmuseums, Hauptstr.17, 3032 Eichgraben"]
[Date "2003.02.16"]
[Round "9"]
[Board "3"]
[White "Brandner, Stefan"]
[Black "Gugler, Edgar"]
[Result "0-1"]
[WhiteElo "2300"]
[BlackElo "2225"]
[PlyCount "82"]

1.e4 c6 2.d4 g6 3.Nc3 Bg7 4.f4 d5 5.e5 h5 6.Be3 Nh6 7.Nf3 Bg4 8.Be2 Nf5 9.Bf2 e6
10.Qd2 Nd7 11.g3 b5 12.h3 Bxf3 13.Bxf3 Nb6 14.Nd1 Nc4 15.Qd3 Bf8 16.O-O Be7
17.a4 b4 18.b3 Na5 19.Bg2 Qb6 20.Nb2 Kf8 21.g4 hxg4 22.hxg4 Nh4 23.Qe3 c5
24.dxc5 Qc6 25.Qd4 Nb7 26.Nd3 a5 27.c3 bxc3 28.Rac1 Kg7 29.Rxc3 Rh7 30.b4 axb4
31.Nxb4 Qxa4 32.c6 Nc5 33.c7 Nb3 34.Qd1 Nxg2 35.Qxb3 Qxb3 36.Rxb3 Nxf4 37.Nc6
Rah8 38.Ba7 Rh1+ 39.Kf2 R8h2+ 40.Ke3 Rxf1 41.Nxe7 Rh3+

[Event "Staatsliga B - Ost 2002/03"]
[Site "Veranstaltungszentrum des Wienerwaldmuseums, Hauptstr.17, 3032 Eichgraben"]
[Date "2003.02.16"]
[Round "9"]
[Board "4"]
[White "Wadsack, Wolfgang"]
[Black "Rudolf, Herbert"]
[Result "1/2-1/2"]
[WhiteElo "2162"]
[BlackElo "2228"]
[PlyCount "29"]

1.e4 c5 2.c3 b6 3.d4 Bb7 4.Bd3 Nf6 5.Nd2 cxd4 6.cxd4 Nc6 7.Ne2 g6 8.a3 Bg7 9.Nf3
d5 10.e5 Ne4 11.Nc3 Nxc3 12.bxc3 O-O 13.O-O Rc8 14.h4 Na5 15.Bd2

[Event "Staatsliga B - Ost 2002/03"]
[Site "Veranstaltungszentrum des Wienerwaldmuseums, Hauptstr.17, 3032 Eichgraben"]
[Date "2003.02.16"]
[Round "9"]
[Board "5"]
[White "Eibersberger, Manfred"]
[Black "Bachmayer, Josef"]
[Result "0-1"]
[WhiteElo "2134"]
[BlackElo "2162"]
[PlyCount "72"]

1.g3 f5 2.Bg2 Nf6 3.c4 g6 4.b3 Bg7 5.Bb2 O-O 6.e3 c6 7.Ne2 d6 8.d4 Qe8 9.Nd2 a5
10.O-O Na6 11.Nf3 h6 12.Rc1 g5 13.d5 Nc5 14.Nfd4 Bd7 15.Qc2 Ng4 16.Nf3 Bxb2
17.Qxb2 Nd3 18.Qc2 Nxc1 19.Rxc1 c5 20.Nc3 Qg6 21.Re1 Qg7 22.Re2 a4 23.h3 Ne5
24.Nxe5 Qxe5 25.f4 Qg7 26.Kh2 axb3 27.axb3 Ra3 28.Qb2 Rfa8 29.e4 gxf4 30.gxf4
Qd4 31.Bf3 Kh7 32.Rg2 Ra1 33.Bh5 Re1 34.Rg6 Raa1 35.Qg2 Rh1+ 36.Kg3 Rhg1

[Event "Staatsliga B - Ost 2002/03"]
[Site "Veranstaltungszentrum des Wienerwaldmuseums, Hauptstr.17, 3032 Eichgraben"]
[Date "2003.02.16"]
[Round "9"]
[Board "6"]
[White "Wadsack, Winfried"]
[Black "Sulyok, Michael"]
[Result "1-0"]
[WhiteElo "2149"]
[BlackElo "2222"]
[PlyCount "85"]

1.e4 d6 2.d4 Nf6 3.f3 d5 4.e5 Ng8 5.f4 Bf5 6.Bd3 Nh6 7.Nf3 e6 8.Be3 Be7 9.h3 Nd7
10.Nc3 Bxd3 11.Qxd3 Nf5 12.Bf2 h5 13.O-O-O h4 14.Nxd5 c6 15.Ne3 Nxe3 16.Qxe3 g6
17.Kb1 Nb6 18.Qe4 Qd5 19.Rhe1 Rh5 20.b3 Bb4 21.c4 Qxe4+ 22.Rxe4 Be7 23.Re2 O-O-O
24.Kc2 Rdh8 25.Be3 Rf5 26.a4 Bb4 27.Ng5 Be7 28.Ne4 Na8 29.g4 hxg3 30.Nxg3 Rxh3
31.Nxf5 gxf5 32.Rg1 Kd7 33.Rg7 Nc7 34.Rxf7 Na6 35.Bd2 Ke8 36.Rg7 b5 37.axb5 cxb5
38.Reg2 bxc4 39.bxc4 Ra3 40.d5 exd5 41.cxd5 Ra2+ 42.Kb3 Ra3+ 43.Kb2